ARRUPE JESUIT UNIVERSITY

CORONAVIRUS -STOP THE SPREAD - CLEAN,DISINFECT,COVER

Guilt feelings : (Record no. 118735)

MARC details
000 -LEADER
fixed length control field 00615nam a22002177a 4500
001 - CONTROL NUMBER
control field 1175824
003 - CONTROL NUMBER IDENTIFIER
control field ARRUPE
005 - DATE AND TIME OF LATEST TRANSACTION
control field 20131126170858.0
008 - FIXED-LENGTH DATA ELEMENTS--GENERAL INFORMATION
fixed length control field 961121s1995 ii 000 0 eng
010 ## - LIBRARY OF CONGRESS CONTROL NUMBER
LC control number 96222475
020 ## - INTERNATIONAL STANDARD BOOK NUMBER
Cancelled/invalid ISBN 817109241X
040 ## - CATALOGING SOURCE
Original cataloging agency DLC
Transcribing agency DLC
050 00 - LIBRARY OF CONGRESS CALL NUMBER
Classification number BF575.
Item number G8.X3 1995
300 ## - PHYSICAL DESCRIPTION
Dimensions 22 cm.
100 1# - MAIN ENTRY--PERSONAL NAME
Personal name Xavier, Francis P.
9 (RLIN) 4042
245 10 - TITLE STATEMENT
Title Guilt feelings :
Remainder of title help to moral growth /
Statement of responsibility, etc Francis P. Xavier.
260 ## - PUBLICATION, DISTRIBUTION, ETC. (IMPRINT)
Place of publication, distribution, etc Bandra, Bombay :
Name of publisher, distributor, etc St. Pauls,
Date of publication, distribution, etc 1995.
300 ## - PHYSICAL DESCRIPTION
Extent 104 p. ;
906 ## - LOCAL DATA ELEMENT F, LDF (RLIN)
a 7
b cbc
c orignew
d u
e ncip
f 19
g y-gencatlg
942 ## - ADDED ENTRY ELEMENTS (KOHA)
Source of classification or shelving scheme Library of Congress Classification
Koha item type Monograph ( Printed materials)
Holdings
Withdrawn status Lost status Source of classification or shelving scheme Damaged status Not for loan Home library Current library Shelving location Date acquired Total Checkouts Full call number Barcode Date last seen Price effective from Koha item type
    Library of Congress Classification     ARRUPE LIBRARY ARRUPE LIBRARY Main Collection 26/11/2013   BF575. G8.X3 1995 46410840 12/09/2016 26/11/2013 Monograph ( Printed materials)

 

Arrupe Library. PO Box MP320 Mt Pleasant, Harare, Zimbabwe
263 242 745411|librarian@aju.ac.zw